Detalles MARC
| 000 -CABECERA |
| campo de control de longitud fija |
00840cam a2200241 a 4500 |
| 001 - NÚMERO DE CONTROL |
| campo de control |
000010224 |
| 005 - FECHA Y HORA DE LA ÚLTIMA TRANSACCIÓN |
| campo de control |
20200929161914.0 |
| 008 - DATOS DE LONGITUD FIJA--INFORMACIÓN GENERAL |
| campo de control de longitud fija |
810717s1980 sp 001 p spa |
| 020 ## - NÚMERO INTERNACIONAL ESTÁNDAR DEL LIBRO |
| Número Internacional Estándar del Libro |
8400047079 |
| 035 ## - NÚMERO DE CONTROL DEL SISTEMA |
| Número de control de sistema |
(DLC) 81162662 |
| 040 ## - FUENTE DE LA CATALOGACIÓN |
| Centro catalogador/agencia de origen |
DO-SdBNP |
| Centro/agencia transcriptor |
DLC |
| Centro/agencia modificador |
DLC |
| -- |
BNPHU |
| 082 ## - NÚMERO DE LA CLASIFICACIÓN DECIMAL DEWEY |
| Número de clasificación |
861.44 |
| Número de documento/Ítem |
P349ò |
| 049 ## - FONDOS LOCALES (OCLC) |
| Fondos de biblioteca |
BNGR |
| 100 1# - ENTRADA PRINCIPAL--NOMBRE DE PERSONA |
| Nombre de persona |
Peña Peña, Adolfo, |
| Fechas asociadas al nombre |
1953- |
| 9 (RLIN) |
25224 |
| 245 10 - MENCIÓN DE TÍTULO |
| Título |
Olvido / |
| Mención de responsabilidad, etc. |
Adolfo Peña Peña. |
| 260 ## - PUBLICACIÓN, DISTRIBUCIÓN, ETC. |
| Lugar de publicación, distribución, etc. |
Zaragoza : |
| Nombre del editor, distribuidor, etc. |
Institución¨Fernando el Católico¨, |
| Fecha de publicación, distribución, etc. |
[1980]. |
| 300 ## - DESCRIPCIÓN FÍSICA |
| Extensión |
72 p. ; |
| Dimensiones |
25 cm. |
| 490 1# - MENCIÓN DE SERIE |
| Mención de serie |
San Jorge |
| Designación de volumen o secuencia |
24 |
| Mención de serie |
Publicación de la Institución Fernando el Católico |
| Designación de volumen o secuencia |
789 |
| 650 #4 - PUNTO DE ACCESO ADICIONAL DE MATERIA--TÉRMINO DE MATERIA |
| Término de materia o nombre geográfico como elemento de entrada |
Poesìa española |
| 9 (RLIN) |
631 |
| 650 #4 - PUNTO DE ACCESO ADICIONAL DE MATERIA--TÉRMINO DE MATERIA |
| Término de materia o nombre geográfico como elemento de entrada |
Literatura española |
| Subdivisión cronológica |
SIGLO XX |
| 9 (RLIN) |
3326 |
| 830 #0 - PUNTO DE ACCESO ADICIONAL DE SERIE-TÍTULO UNIFORME |
| Título uniforme |
San Jorge ; |
| Designación de volumen o secuencia |
24 |
| Nombre de parte o sección de la obra |
Publicación de la Institución Fernando el Católico ; |
| Título uniforme |
789 |
| 9 (RLIN) |
25225 |
| 910 ## - DATOS DE OPCIÓN DEL USUARIO (OCLC) |
| Datos de opción del usuario |
Catalogación por copia/LC |